| 000 | 00840nam a22001577a 4500 | ||
|---|---|---|---|
| 003 | OSt | ||
| 005 | 20151006135946.0 | ||
| 008 | 151006b xxu||||| |||| 00| 0 eng d | ||
| 040 | _cRUA | ||
| 082 | _aAVM PEN 2005 B075 Or.1 | ||
| 100 |
_92162 _aPEN KOLYAN |
||
| 245 | _aThe effect of using mulberry leaves on growth rate of japanese quail at the animal experimental station of royal university of agriculture, (ឥទ្ធិពលនៃការប្រើប្រាស់ស្លឹកមនក្រៀមលើការលូតលាស់របស់ក្រួច (Japanese quail) នៅស្ថានីយ៍ពិសោធន៍សត្វនៃ សាកលវិទ្យាល័យភូមិន្ទកសិកម្ម) | ||
| 260 |
_aphnom penh _brua _c2005 |
||
| 300 |
_ax, 43p. _bill. _c29cm. |
||
| 942 |
_2ddc _cAVM |
||
| 999 |
_c2034 _d2034 |
||